Will songs Glee Quiz Stats

 Plays Quiz not verified by Sporcle

Score 0/49 Timer 20:00
0 Plays Today
Episode Answer % Correct
PilotLeaving On A Jetplane
84.1%
BalladYoung Girl
77.3%
AcafellasI Wanna Sex You Up
75.8%
Dream OnDream On
75%
BalladEndless Love
74.2%
Britney/BrittanyToxic
74.2%
FeudBye, Bye, Bye
72%
Mash UpThong Song
70.5%
AcafellasPoison
69.7%
The Rhodes Not TakenAlone
69.7%
Bad ReputationIce Ice Baby
68.9%
Journey To RegionalsOver The Rainbow
68.9%
HomeFire
68.2%
Mash UpBust A Move
67.4%
Mash OffYou And I
67.4%
HomeOne Less Bell To Answer
66.7%
FurtSway
65.9%
The Break UpThe Scientist
64.4%
The SubstituteSinging In The Rain
63.6%
The End Of TwerkBlurred Lines
62.1%
AcafellasThis Is How We Do It
61.4%
SexyKiss
61.4%
Asian FFix You
60.6%
I DoGetting Married Today
60.6%
100Raise Your Glass
60.6%
Episode Answer % Correct
Dream OnPiano Man
59.8%
New DirectionsDon't Stop Believin'
59.1%
FunkTell Me Something Good
58.3%
GoodbyeForever Young
57.6%
TransitioningSame Love
56.8%
100Happy
56.1%
New YorkStill Got Tonight
55.3%
Asian FIt's All Over
55.3%
The Spanish TeacherA Little Less Conversation
55.3%
Saturday Night Glee-verNight Fever
55.3%
City Of AngelsI Love LA
55.3%
What The World Needs NowWhat The World Needs Now
55.2%
Opening NightNYC
55.2%
RumoursDreams
54.5%
The SubstituteMake Em' Laugh
51.5%
TrioDanny's Song
51.5%
Blame It On The AlcoholOne Bourbon, One Scotch, One Beer
49.2%
Movin' OutYou May Be Right
49.2%
Puppet MasterCheek To Cheek
49.2%
The Spanish TeacherLa Cucaracha
47.7%
Girls (And Boys) On FilmIn Your Eyes
46.2%
Girls (And Boys) On FilmYou're All The World To Me
43.9%
Previously Unaired ChristmasRocking Around The Christmas Tree
36.4%
RumoursNice To Meet You, Have I Slept With You?
30.3%

You're not logged in!

Compare scores with friends on all Sporcle quizzes.
OR
Log In

Sporcle TV

Today on Sporcle TV


Watch our educational content, quiz creation guides, and fun videos on Sporcle TV.

Show Comments

Extras

Created Dec 6, 2014ReportNominate
Tags:glee

Top Quizzes Today


Score Distribution

Your Account Isn't Verified!

In order to create a playlist on Sporcle, you need to verify the email address you used during registration. Go to your Sporcle Settings to finish the process.

Report this User

Report this user for behavior that violates our Community Guidelines.

Details: